01337 a2200205 45000010006000000050017000060080041000230030015000640400040000790800058001192450045001770200022002222640028002443000023002725050675002951000020009707000023009907000021010138560097010341467620260407155448.0260407a1987 arg spa dAR-UNSa-BCEJYS aAR-UNSa-BCEJYSbspacAR-UNSa-BCEJYS a519.86xTeoría de modelos económico-matemáticos10aLinear programming and economic analysis a978-0-486-65491-1 1aNew York :bDoverc1987 aix, 525 p.c21 cm. a1. Introduction - 2. Basic concepts of linear programming - 3. The valuation problem; market solutions - 4. The algebra of linear programming - 5. The transportation problem - 6. Linear-programming analysis of the firm - 7. Application to the firm; valuation and duality - 8. Nonlinear programming - 9. The statical leontief system - 10. The statical leontief system (continued) - 11. Dynamic aspects of linear models - 12. Efficient programs of capital accumulation - 13. Linear programming and the theory of general equilibrium - 14. Linear programming and welfare economics - 15. Elements of game theory - 16. Interrelations between linear programming and game theory1 aDorfman, Robert1 aSamuelson, Paul A.1 aSolow, Robert M.41uhttps://www.biblioeco.unsa.edu.ar/pmb/images/libros/14676.jpgyImagen de portadaqimage/jpeg